[Event "11. Torneo San Viator"]
[Site "Madrid ESP"]
[Date "2008.09.28"]
[Round "1.1"]
[White "Diaz Charcan, Jose Maria"]
[Black "Nieto de la Cruz, Julio"]
[Result "1/2-1/2"]
[WhiteElo "2097"]
[BlackElo "1888"]
[PlyCount "108"]
[EventDate "2008.09.28"]
[EventType "team-tourn"]
[EventRounds "9"]
[EventCountry "ESP"]
[Source "lmi"]
[SourceDate "2008.09.28"]

1. d4 Nf6 2. c4 c5 3. d5 b5 4. cxb5 a6 5. bxa6 g6 6. g3 Bxa6 7. Bg2 d6 8. Nf3
Bg7 9. O-O Nbd7 10. Nc3 Nb6 11. Re1 O-O 12. Rb1 Bc4 13. e4 Bxa2 14. Nxa2 Rxa2
15. Qb3 Ra7 16. Bd2 Qc7 17. Bc3 Rb8 18. Qc2 Na4 19. Bd2 Rba8 20. b3 Nb6 21. Bc3
Ra2 22. Rb2 R2a7 23. Nd2 Rc8 24. Bh3 Rb8 25. Bf1 Re8 26. e5 Nfd7 27. exd6 Qxd6
28. Bxg7 Kxg7 29. Qc3+ Kg8 30. Ne4 Qxd5 31. Rd2 Qc6 32. Bg2 Qc8 33. Bh3 h6 34.
Qe3 Kg7 35. Nd6 exd6 36. Qxe8 Qxe8 37. Rxe8 c4 38. bxc4 Nxc4 39. Rd4 Nde5 40.
Kg2 Ra2 41. Re4 f5 42. Re1 Kf7 43. Rc8 d5 44. Kh1 Rxf2 45. Bg2 Rd2 46. Rc5 Ke6
47. Bxd5+ Kd6 48. Rxc4 Kxd5 49. Rc8 Rxh2+ 50. Kxh2 Nf3+ 51. Kh3 Nxe1 52. Rd8+
Kc6 53. Rh8 Nf3 54. Rxh6 Ne5 1/2-1/2

[Event "11. Torneo San Viator"]
[Site "Madrid ESP"]
[Date "2008.09.28"]
[Round "1.3"]
[White "Beltran de Heredia Eguiazabal, Miguel Angel"]
[Black "Sarabia Utrilla, Joaquin"]
[Result "1-0"]
[WhiteElo "1906"]
[BlackElo "1804"]
[PlyCount "87"]
[EventDate "2008.09.28"]
[EventType "team-tourn"]
[EventRounds "9"]
[EventCountry "ESP"]
[Source "lmi"]
[SourceDate "2008.09.28"]

1. e4 e5 2. Nf3 Nf6 3. Nxe5 Nxe4 4. Qe2 Qe7 5. Qxe4 d6 6. d4 dxe5 7. dxe5 Nd7
8. Bf4 f6 9. Nc3 fxe5 10. Nd5 Nf6 11. Nxf6+ gxf6 12. Bd2 c6 13. Be2 h5 14. Qh4
Qf7 15. O-O Bf5 16. f4 e4 17. Bc3 Be7 18. Rad1 Qg6 19. a3 Rh7 20. b4 Bg4 21.
Bxg4 hxg4 22. f5 Qg7 23. Qg3 Bd8 24. Qd6 Qh6 25. Rfe1 e3 26. Rd4 Be7 27. Qg3
Rd8 28. Rxg4 Bd6 29. Qxe3+ Qxe3+ 30. Rxe3+ Kf7 31. h3 Rh5 32. Rf3 Re8 33. Kf1
c5 34. b5 c4 35. a4 Rc8 36. Rg6 Be7 37. g4 Rh7 38. Re3 Rch8 39. Rxe7+ Kxe7 40.
Bxf6+ Kf7 41. Bxh8 Rxh8 42. Rd6 Rxh3 43. Rd7+ Ke8 44. Rxb7 1-0

[Event "11. Torneo San Viator"]
[Site "Madrid ESP"]
[Date "2008.09.28"]
[Round "1.4"]
[White "Benitez Cadenas, Luis Miguel"]
[Black "Barahona Torrijos, Angel"]
[Result "0-1"]
[WhiteElo "1784"]
[BlackElo "1958"]
[PlyCount "66"]
[EventDate "2008.09.28"]
[EventType "team-tourn"]
[EventRounds "9"]
[EventCountry "ESP"]
[Source "lmi"]
[SourceDate "2008.09.28"]

1. d4 d5 2. c4 e6 3. Nc3 Nf6 4. Nf3 Bb4 5. Bg5 O-O 6. e3 Nbd7 7. cxd5 exd5 8.
Qb3 c5 9. dxc5 Qa5 10. Bxf6 Nxf6 11. Nd2 Bd7 12. Rc1 Rfe8 13. Be2 Bc6 14. O-O
d4 15. Nc4 Qxc5 16. exd4 Qg5 17. d5 Nxd5 18. Nxd5 Bxd5 19. Bf3 Bxf3 20. Qxf3 b5
21. Ne3 Qe5 22. Rc2 Rad8 23. a3 Bd6 24. g3 h5 25. Nf5 g6 26. Nh6+ Kg7 27. Nxf7
Qe7 28. Nxd8 Rxd8 29. Re2 Qc7 30. Qe3 Bc5 31. Qc3+ Kh7 32. b4 Bxf2+ 33. Rexf2
Qxc3 0-1

[Event "11. Torneo San Viator"]
[Site "Madrid ESP"]
[Date "2008.10.05"]
[Round "2.1"]
[White "Maseda Iglesias, Luis"]
[Black "Beltran de Heredia Eguiazabal, Miguel Angel"]
[Result "0-1"]
[WhiteElo "1935"]
[BlackElo "1993"]
[PlyCount "102"]
[EventDate "2008.09.28"]
[EventType "team-tourn"]
[EventRounds "9"]
[EventCountry "ESP"]
[Source "lmi"]
[SourceDate "2008.09.28"]

1. d4 d5 2. c4 c6 3. Nf3 e6 4. Nc3 Nf6 5. Bg5 h6 6. Bxf6 Qxf6 7. e3 Nd7 8. Be2
g6 9. O-O Bg7 10. Qc2 O-O 11. e4 dxe4 12. Nxe4 Qf4 13. g3 Qc7 14. d5 cxd5 15.
Nc3 dxc4 16. Rac1 a6 17. Rfd1 b5 18. Ne4 Bb7 19. b3 Bxe4 20. Qxe4 Nc5 21. Qe3
c3 22. Nd4 Qe5 23. Qxc3 Qxe2 24. Nxe2 Bxc3 25. Rxc3 Ne4 26. Rc2 Nf6 27. Kf1 Nd5
28. Rdc1 Rfd8 29. a3 b4 30. a4 Kf8 31. Rc4 a5 32. Ke1 e5 33. Rc5 Ke7 34. Rd1
Ke6 35. Rc6+ Rd6 36. Rc5 f6 37. Rd2 h5 38. Rd1 Ne7 39. Rxd6+ Kxd6 40. Rc2 Rc8
41. Rd2+ Ke6 42. f4 Nd5 43. fxe5 fxe5 44. Kf2 Nc3 45. Ke1 Nxe2 46. Kxe2 Rc3 47.
Rd3 Rxd3 48. Kxd3 Kd5 49. h4 e4+ 50. Ke3 Ke5 51. Ke2 Kd4 0-1

[Event "11. Torneo San Viator"]
[Site "Madrid ESP"]
[Date "2008.10.05"]
[Round "2.3"]
[White "Garcia-Ines Sanchez, Gustavo"]
[Black "Fernandez del Rio, Sergio"]
[Result "0-1"]
[WhiteElo "1845"]
[BlackElo "1953"]
[PlyCount "60"]
[EventDate "2008.09.28"]
[EventType "team-tourn"]
[EventRounds "9"]
[EventCountry "ESP"]
[Source "lmi"]
[SourceDate "2008.09.28"]

1. e4 c6 2. Nf3 d5 3. exd5 cxd5 4. d4 Nf6 5. Nc3 Bg4 6. h3 Bxf3 7. Qxf3 e6 8.
Bd3 Nc6 9. Be3 Qb6 10. O-O-O Bb4 11. Nb1 Rc8 12. Qg3 Nh5 13. Qh4 g6 14. g4 Be7
15. Bg5 Nf4 16. Bxe7 Nxd3+ 17. Rxd3 Nxe7 18. Qf6 Rf8 19. f4 Qa6 20. Nc3 b5 21.
b4 Nc6 22. Nxd5 Qxa2 23. Re1 Qxd5 24. f5 Nxb4 25. Rd2 Qa2 26. Rxe6+ fxe6 27.
Qxe6+ Qxe6 28. fxe6 Rxc2+ 29. Rxc2 Nxc2 30. Kxc2 Ke7 0-1

[Event "11. Torneo San Viator"]
[Site "Madrid ESP"]
[Date "2008.10.05"]
[Round "2.5"]
[White "Sarabia Utrilla, Joaquin"]
[Black "Montero Montero, Juan Jose"]
[Result "1-0"]
[WhiteElo "1804"]
[BlackElo "1705"]
[PlyCount "139"]
[EventDate "2008.09.28"]
[EventType "team-tourn"]
[EventRounds "9"]
[EventCountry "ESP"]
[Source "lmi"]
[SourceDate "2008.09.28"]

1. d4 Nf6 2. c4 e6 3. Nc3 Bb4 4. a3 Bxc3+ 5. bxc3 b6 6. f3 O-O 7. e4 h6 8. Bd3
Ba6 9. e5 Ne8 10. Qc2 Qh4+ 11. g3 Qh5 12. Be4 Nc6 13. Qa4 Bb7 14. Ne2 f5 15.
exf6 Nxf6 16. Nf4 Qf7 17. Bg6 Qe7 18. O-O Na5 19. Bd3 c5 20. Ng6 Qd8 21. Nxf8
Bc6 22. Nxe6 dxe6 23. Qc2 cxd4 24. Bb2 dxc3 25. Bxc3 Nb7 26. Rad1 Qc7 27. Bxf6
gxf6 28. Be4 f5 29. Bxc6 Qxc6 30. Qe2 Kf7 31. Rd2 Rd8 32. Rxd8 Nxd8 33. Rd1 Ke7
34. Qd3 Nf7 35. f4 Qc5+ 36. Kg2 Nd6 37. Qd4 Qxa3 38. Qg7+ Nf7 39. Kh3 Qf3 40.
Qd4 h5 41. Qd7+ Kf6 42. Re1 Qg4+ 43. Kg2 h4 44. Rxe6+ Kg7 45. Re7 h3+ 46. Kf2
Qg6 47. Qxa7 Qf6 48. Re3 Qb2+ 49. Re2 Qd4+ 50. Ke1 Qc3+ 51. Rd2 Qc1+ 52. Ke2
Qxc4+ 53. Ke3 Qc3+ 54. Rd3 Qc1+ 55. Ke2 Qc2+ 56. Rd2 Qc4+ 57. Kd1 Qb3+ 58. Kc1
Qc3+ 59. Rc2 Qe1+ 60. Kb2 Qb4+ 61. Ka2 Qb5 62. Qa3 Qd5+ 63. Qb3 Qe4 64. Kb2 Qb7
65. Qc3+ Kh7 66. Qf6 Qd5 67. Qxb6 Nd6 68. Qc7+ Kg6 69. Rc6 Qb5+ 70. Kc3 1-0

[Event "11. Torneo San Viator"]
[Site "Madrid ESP"]
[Date "2008.10.12"]
[Round "3.1"]
[White "Beltran de Heredia Eguiazabal, Miguel Angel"]
[Black "Barahona Torrijos, Angel"]
[Result "1-0"]
[WhiteElo "1993"]
[BlackElo "1958"]
[PlyCount "53"]
[EventDate "2008.09.28"]
[EventType "team-tourn"]
[EventRounds "9"]
[EventCountry "ESP"]
[Source "lmi"]
[SourceDate "2008.09.28"]

1. e4 e5 2. Nf3 Nc6 3. Bb5 a6 4. Ba4 Nf6 5. O-O Be7 6. Re1 b5 7. Bb3 Bb7 8. c3
d5 9. exd5 Nxd5 10. Nxe5 Nxe5 11. Rxe5 Nf4 12. d4 Nxg2 13. Bg5 f6 14. Bxf6 gxf6
15. Qh5+ Kd7 16. Qf5+ Kc6 17. Re6+ Bd6 18. a4 Rg8 19. Qd5+ Kd7 20. Rxd6+ cxd6
21. Qxb7+ Qc7 22. Be6+ Kxe6 23. Qxc7 Ne3+ 24. Kh1 Nd1 25. d5+ Kxd5 26. Qb7+ Ke5
27. Qe7+ 1-0

[Event "11. Torneo San Viator"]
[Site "Madrid ESP"]
[Date "2008.10.12"]
[Round "3.2"]
[White "Fernandez del Rio, Sergio"]
[Black "Beltran De Heredia y Alonso, Miguel Angel"]
[Result "1/2-1/2"]
[WhiteElo "1953"]
[BlackElo "1906"]
[PlyCount "155"]
[EventDate "2008.09.28"]
[EventType "team-tourn"]
[EventRounds "9"]
[EventCountry "ESP"]
[Source "lmi"]
[SourceDate "2008.09.28"]

1. e4 c5 2. Nf3 a6 3. d4 cxd4 4. Nxd4 Nf6 5. Nc3 e5 6. Nb3 Bb4 7. Bg5 O-O 8.
Be2 h6 9. Bxf6 Qxf6 10. O-O Bxc3 11. bxc3 b6 12. Rb1 Bb7 13. f3 Qc6 14. c4 a5
15. Qd2 Ba6 16. Qd5 Qxd5 17. exd5 d6 18. Nd2 Nd7 19. Ne4 Nf6 20. Nxf6+ gxf6 21.
Rxb6 Rfc8 22. Rxd6 Kg7 23. Rd1 Bxc4 24. Bxc4 Rxc4 25. Rc6 Rxc6 26. dxc6 Kf8 27.
c4 Rc8 28. Rd6 Ke7 29. c5 h5 30. Kf2 f5 31. Ke3 Rd8 32. Rh6 Rd5 33. Rxh5 Rxc5
34. Rxf5 Ke6 35. Rh5 Rxc6 36. f4 exf4+ 37. Kxf4 Rc4+ 38. Ke3 Ra4 39. h3 Rxa2
40. g4 a4 41. Kf4 a3 42. Ra5 Kf6 43. Ra6+ Kg7 44. Kg5 Ra1 45. Ra7 a2 46. h4 Rb1
47. Rxa2 Rb5+ 48. Kf4 Rb4+ 49. Kg3 Rb3+ 50. Kh2 Rb4 51. Rg2 Kg6 52. Kh3 Rb3+
53. Rg3 Rb2 54. Ra3 Kg7 55. Kg3 Rb4 56. Kf3 Rc4 57. Re3 Rb4 58. Re4 Rb3+ 59.
Kf4 Rb1 60. Kf5 Rb5+ 61. Re5 Rb1 62. Rc5 Re1 63. g5 Rh1 64. Kg4 Rg1+ 65. Kh3
Rh1+ 66. Kg3 Rg1+ 67. Kh2 Rg4 68. Kh3 Rg1 69. h5 Rh1+ 70. Kg4 Rg1+ 71. Kf5 Rf1+
72. Ke4 Rh1 73. h6+ Kg6 74. Kf4 Rf1+ 75. Kg3 Rh1 76. Kg2 Rh5 77. Kg3 f6 78. Kg4
1/2-1/2

[Event "11. Torneo San Viator"]
[Site "Madrid ESP"]
[Date "2008.10.12"]
[Round "3.3"]
[White "Sarabia Utrilla, Joaquin"]
[Black "Maseda Iglesias, Luis"]
[Result "0-1"]
[WhiteElo "1804"]
[BlackElo "1935"]
[PlyCount "72"]
[EventDate "2008.09.28"]
[EventType "team-tourn"]
[EventRounds "9"]
[EventCountry "ESP"]
[Source "lmi"]
[SourceDate "2008.09.28"]

1. d4 d5 2. c4 e6 3. Nc3 Nf6 4. Nf3 c6 5. cxd5 exd5 6. Bg5 Be7 7. e3 Bf5 8. Nh4
Be4 9. Bxf6 Bxf6 10. Nf3 Bg6 11. Be2 Nd7 12. O-O O-O 13. b4 a6 14. a4 Be7 15.
b5 a5 16. Rc1 Ba3 17. bxc6 bxc6 18. Qd2 Bxc1 19. Rxc1 Qe7 20. Nd1 Rfc8 21. Nb2
Be4 22. Nd3 Bxd3 23. Bxd3 c5 24. dxc5 Rxc5 25. Rxc5 Qxc5 26. Bb5 Nf6 27. h3 Ne4
28. Qb2 Rc8 29. Ne1 Qc3 30. Qxc3 Nxc3 31. Ba6 Rc6 32. Bb7 Rc4 33. Nd3 Rxa4 34.
Nf4 d4 35. exd4 Rxd4 36. g3 a4 0-1

[Event "11. Torneo San Viator"]
[Site "Madrid ESP"]
[Date "2008.10.12"]
[Round "3.6"]
[White "Montero Montero, Juan Jose"]
[Black "Pablos Tenrero, Raquel"]
[Result "0-1"]
[WhiteElo "1705"]
[BlackElo "1733"]
[PlyCount "42"]
[EventDate "2008.09.28"]
[EventType "team-tourn"]
[EventRounds "9"]
[EventCountry "ESP"]
[Source "lmi"]
[SourceDate "2008.09.28"]

1. e4 e5 2. Nf3 Nc6 3. d4 exd4 4. Nxd4 Bb4+ 5. c3 Bc5 6. Be3 Bb6 7. Qg4 Qf6 8.
Nf5 Bxe3 9. Nxe3 Nge7 10. Nd2 d5 11. Qg3 d4 12. Nd5 Nxd5 13. exd5 Ne7 14. Qxc7
O-O 15. d6 Nd5 16. Qc4 Qxd6 17. Qxd4 Re8+ 18. Kd1 Qc6 19. Kc2 Bf5+ 20. Bd3
Bxd3+ 21. Kxd3 Rad8 0-1

[Event "11. Torneo San Viator"]
[Site "Madrid ESP"]
[Date "2008.10.19"]
[Round "4.1"]
[White "Fernandez del Rio, Sergio"]
[Black "Beltran de Heredia Eguiazabal, Miguel Angel"]
[Result "0-1"]
[WhiteElo "1953"]
[BlackElo "1993"]
[PlyCount "98"]
[EventDate "2008.09.28"]
[EventType "team-tourn"]
[EventRounds "9"]
[EventCountry "ESP"]
[Source "lmi"]
[SourceDate "2008.09.28"]

1. e4 c5 2. Nf3 a6 3. d4 cxd4 4. Nxd4 Nf6 5. Bd3 e5 6. Nb3 d6 7. O-O Be7 8. c4
O-O 9. Nc3 Be6 10. Nd5 Bxd5 11. cxd5 Nbd7 12. Bd2 b6 13. a4 Nc5 14. Nxc5 bxc5
15. a5 c4 16. Bc2 Rb8 17. Bc3 Qc7 18. Qe2 Qc5 19. Ba4 Ne8 20. Bc6 Nc7 21. Ra4
Nb5 22. Rxc4 Nxc3 23. Rxc3 Qxa5 24. Rh3 h6 25. b3 Qa3 26. Ba4 a5 27. Qg4 Bg5
28. Rf3 Qb4 29. h4 Bf4 30. g3 Bd2 31. Rd1 h5 32. Qxh5 Qxe4 33. Qf5 Qe2 34. Rxd2
Qxd2 35. g4 Qxd5 36. h5 Qe6 37. Qg5 Rb4 38. Rf5 Qh6 39. Qh4 Rf4 40. Bd7 Rxf5
41. Bxf5 f6 42. Qg3 Qd2 43. Be6+ Kh8 44. Qf3 Qd4 45. Bd5 Qf4 46. Qg2 Rc8 47.
Qe4 Qxe4 48. Bxe4 Rc3 49. Bd5 Rc5 0-1

[Event "11. Torneo San Viator"]
[Site "Madrid ESP"]
[Date "2008.10.19"]
[Round "4.2"]
[White "Barahona Torrijos, Angel"]
[Black "Beltran De Heredia y Alonso, Miguel Angel"]
[Result "0-1"]
[WhiteElo "1958"]
[BlackElo "1906"]
[PlyCount "94"]
[EventDate "2008.09.28"]
[EventType "team-tourn"]
[EventRounds "9"]
[EventCountry "ESP"]
[Source "lmi"]
[SourceDate "2008.09.28"]

1. e4 c5 2. a3 Nc6 3. b4 cxb4 4. axb4 Nxb4 5. Ra4 e6 6. Ba3 a5 7. Nc3 Nf6 8.
Bb5 Qb6 9. Nf3 Nxe4 10. Nxe4 Qxb5 11. Nc3 Qc6 12. O-O Be7 13. Nd4 Qb6 14. Qg4
O-O 15. Rb1 f5 16. Qf4 Ra6 17. Ndb5 g5 18. Qg3 d5 19. Qc7 Qxc7 20. Nxc7 Rc6 21.
N3b5 Rxc2 22. Rxa5 Nc6 23. Bxe7 Nxa5 24. Bxf8 Kxf8 25. d3 Ke7 26. g3 Bd7 27.
Na8 Bc6 28. Kf1 e5 29. Nb6 Rd2 30. d4 exd4 31. Re1+ Kf6 32. Nc7 Nc4 33. Nbxd5+
Bxd5 34. Nxd5+ Kg6 35. Re6+ Kg7 36. Re7+ Kg6 37. Re6+ Kg7 38. Re7+ Kf8 39. Rxb7
d3 40. Rxh7 Rd1+ 41. Kg2 d2 42. Kf3 g4+ 43. Kf4 Rc1 44. Kg5 d1=Q 45. Nf6 Qd2+
46. Kg6 Ne5+ 47. Kxf5 Nf7 0-1

[Event "11. Torneo San Viator"]
[Site "Madrid ESP"]
[Date "2008.10.19"]
[Round "4.3"]
[White "Maseda Iglesias, Luis"]
[Black "Nieto de la Cruz, Julio"]
[Result "1-0"]
[WhiteElo "1935"]
[BlackElo "1888"]
[PlyCount "61"]
[EventDate "2008.09.28"]
[EventType "team-tourn"]
[EventRounds "9"]
[EventCountry "ESP"]
[Source "lmi"]
[SourceDate "2008.09.28"]

1. d4 Nf6 2. c4 c5 3. d5 b5 4. Nf3 g6 5. cxb5 a6 6. Nc3 axb5 7. e4 d6 8. Bxb5+
Bd7 9. Qe2 Bg7 10. e5 dxe5 11. Nxe5 O-O 12. Nxd7 Nbxd7 13. O-O Nb6 14. Be3
Nfxd5 15. Nxd5 Qxd5 16. Rfd1 Qe5 17. Rd2 Na4 18. Rb1 Rfb8 19. Qc4 Qf5 20. Qd3
Qxd3 21. Bxd3 Nxb2 22. Be4 Nc4 23. Rxb8+ Rxb8 24. Re2 Nd6 25. Bc2 c4 26. a4 c3
27. Bc5 Rb2 28. g3 Ne4 29. Rxe4 Rxc2 30. Rxe7 Bf6 31. Re8+ 1-0

[Event "11. Torneo San Viator"]
[Site "Madrid ESP"]
[Date "2008.10.19"]
[Round "4.6"]
[White "Garcia-Ines Sanchez, Gustavo"]
[Black "Montero Montero, Juan Jose"]
[Result "0-1"]
[WhiteElo "1845"]
[BlackElo "1705"]
[PlyCount "86"]
[EventDate "2008.09.28"]
[EventType "team-tourn"]
[EventRounds "9"]
[EventCountry "ESP"]
[Source "lmi"]
[SourceDate "2008.09.28"]

1. e4 c6 2. Nf3 d5 3. Nc3 dxe4 4. Nxe4 Bf5 5. Qe2 e6 6. b3 Nf6 7. Nxf6+ Qxf6 8.
d4 Bb4+ 9. Bd2 Bxd2+ 10. Qxd2 Nd7 11. Be2 O-O 12. O-O Rad8 13. Rac1 Rfe8 14. c4
c5 15. Qc3 cxd4 16. Qxd4 Qxd4 17. Nxd4 Nc5 18. Nxf5 exf5 19. Bf3 b6 20. Bd5 Re2
21. Rcd1 Kf8 22. b4 Ne4 23. f3 Nc3 24. Rde1 Rxa2 25. Ra1 Rxa1 26. Rxa1 Nxd5 27.
cxd5 Rxd5 28. Rxa7 Rd4 29. b5 Rd5 30. Kf2 h6 31. Ke3 Rxb5 32. g3 g5 33. Kd4 Kg7
34. h4 Rb3 35. hxg5 hxg5 36. Ra6 Rxf3 37. Rxb6 Rxg3 38. Ke5 f4 39. Rb2 f3 40.
Ke4 Rg2 41. Rb1 g4 42. Kf4 f2 43. Rf1 g3 0-1

[Event "11. Torneo San Viator"]
[Site "Madrid ESP"]
[Date "2008.10.26"]
[Round "5.1"]
[White "Beltran De Heredia y Alonso, Miguel Angel"]
[Black "Beltran de Heredia Eguiazabal, Miguel Angel"]
[Result "0-1"]
[WhiteElo "1906"]
[BlackElo "1993"]
[PlyCount "46"]
[EventDate "2008.09.28"]
[EventType "team-tourn"]
[EventRounds "9"]
[EventCountry "ESP"]
[Source "lmi"]
[SourceDate "2008.09.28"]

1. d4 d5 2. Nf3 Nf6 3. c4 c6 4. Nc3 e6 5. Bg5 dxc4 6. e4 b5 7. e5 h6 8. Bh4 g5
9. Nxg5 hxg5 10. Bxg5 Nbd7 11. exf6 Bb7 12. h4 Qb6 13. a4 Bb4 14. axb5 cxb5 15.
Rg1 O-O-O 16. Qg4 Rhg8 17. Qf4 Rge8 18. O-O-O Bxc3 19. bxc3 Qa5 20. Qe3 Nc5 21.
Bxc4 Qa3+ 22. Kc2 Be4+ 23. Bd3 Qa2+ 0-1

[Event "11. Torneo San Viator"]
[Site "Madrid ESP"]
[Date "2008.10.26"]
[Round "5.4"]
[White "Nieto de la Cruz, Julio"]
[Black "Barahona Torrijos, Angel"]
[Result "1-0"]
[WhiteElo "1888"]
[BlackElo "1958"]
[PlyCount "169"]
[EventDate "2008.09.28"]
[EventType "team-tourn"]
[EventRounds "9"]
[EventCountry "ESP"]
[Source "lmi"]
[SourceDate "2008.09.28"]

1. d4 d5 2. c4 e6 3. Nc3 Nf6 4. cxd5 exd5 5. Bg5 Be7 6. Qc2 Nc6 7. e3 Nb4 8.
Qd2 Bf5 9. Rc1 Ne4 10. Nxe4 dxe4 11. Bxe7 Qxe7 12. a3 Nd5 13. Bb5+ Bd7 14. Bc4
Bc6 15. Ne2 O-O 16. Qc2 Nb6 17. Ba2 Rad8 18. Nc3 Kh8 19. d5 Nxd5 20. Nxd5 Bxd5
21. Bxd5 Rxd5 22. Qxc7 Rd7 23. Qc5 Qxc5 24. Rxc5 g6 25. h4 Rfd8 26. O-O Rd2 27.
Rc7 R8d7 28. Rfc1 Kg7 29. Rxd7 Rxd7 30. Rc4 f5 31. b4 Kf6 32. b5 Rd1+ 33. Kh2
Ke6 34. Kg3 h6 35. Kf4 Rd2 36. Kg3 g5 37. Rc7 Rd7 38. Rc8 gxh4+ 39. Kxh4 Kd5
40. a4 Rd6 41. a5 Rd7 42. Kh5 Ke5 43. Kxh6 Rd5 44. Re8+ Kf6 45. Rf8+ Ke7 46.
Ra8 Rxb5 47. Rxa7 Ke6 48. a6 bxa6 49. Rxa6+ Ke7 50. Ra2 Kf6 51. Rc2 Rb6 52. Kh5
Ra6 53. Kh4 f4 54. Kg4 fxe3 55. fxe3 Ke5 56. Rc5+ Kd6 57. Rg5 Ra4 58. Kf4 Rb4
59. g4 Ke6 60. Re5+ Kf7 61. Rxe4 Rb6 62. Kf5 Rf6+ 63. Kg5 Ra6 64. Rf4+ Kg7 65.
Rf5 Re6 66. Kf4 Re8 67. e4 Ra8 68. Rd5 Ra7 69. e5 Rf7+ 70. Kg5 Re7 71. Rc5 Kf7
72. Kf5 Kg7 73. Rc6 Rf7+ 74. Rf6 Ra7 75. Rg6+ Kf7 76. e6+ Kf8 77. Kf6 Rh7 78.
g5 Ra7 79. Rh6 Rf7+ 80. Ke5 Rg7 81. g6 Kg8 82. Kf6 Ra7 83. Rh7 Ra1 84. Rh5 Ra6
85. g7 1-0

[Event "11. Torneo San Viator"]
[Site "Madrid ESP"]
[Date "2008.10.26"]
[Round "5.6"]
[White "Sarabia Utrilla, Joaquin"]
[Black "Garcia-Ines Sanchez, Gustavo"]
[Result "1-0"]
[WhiteElo "1804"]
[BlackElo "1845"]
[PlyCount "95"]
[EventDate "2008.09.28"]
[EventType "team-tourn"]
[EventRounds "9"]
[EventCountry "ESP"]
[Source "lmi"]
[SourceDate "2008.09.28"]

1. d4 Nf6 2. c4 g6 3. Nc3 Bg7 4. e4 d6 5. f4 O-O 6. Nf3 Nbd7 7. Bd3 c5 8. d5
Re8 9. O-O Nf8 10. e5 Ng4 11. h3 Nh6 12. Be3 Nf5 13. Bxf5 Bxf5 14. g4 Bd7 15.
Qc2 Qc8 16. Qg2 h5 17. f5 dxe5 18. gxh5 Bxf5 19. h6 Bxh3 20. Qh2 Bf6 21. Rf2
Nh7 22. Nxe5 Bxe5 23. Qxe5 f6 24. Qh2 g5 25. Rf3 Bg4 26. Rg3 f5 27. Rxg4 fxg4
28. Qh5 Qf5 29. Rf1 Nf6 30. Qxe8+ Rxe8 31. Rxf5 Kh7 32. Rxg5 Kxh6 33. Rxg4+ Kh5
34. Rg5+ Kh4 35. Re5 Ng4 36. Re4 Rg8 37. Kf1 Rf8+ 38. Ke2 Kg3 39. Rxe7 Rh8 40.
Rxb7 Re8 41. Nd1 Ne5 42. d6 Rd8 43. Bxc5 Nxc4 44. d7 Kg2 45. Be7 Na5 46. Rxa7
Nc6 47. Bxd8 Nxd8 48. Ra8 1-0

[Event "11. Torneo San Viator"]
[Site "Madrid ESP"]
[Date "2008.11.02"]
[Round "6.1"]
[White "Beltran de Heredia Eguiazabal, Miguel Angel"]
[Black "Benitez Cadenas, Luis Miguel"]
[Result "1-0"]
[WhiteElo "1993"]
[BlackElo "1784"]
[PlyCount "43"]
[EventDate "2008.09.28"]
[EventType "team-tourn"]
[EventRounds "9"]
[EventCountry "ESP"]
[Source "lmi"]
[SourceDate "2008.09.28"]

1. d4 Nf6 2. Bg5 Ne4 3. Bf4 c5 4. f3 Qa5+ 5. c3 Nf6 6. Nd2 cxd4 7. Nb3 Qf5 8.
Bxb8 Rxb8 9. Qxd4 b6 10. e4 Qg5 11. Nh3 Qh4+ 12. g3 Qh6 13. e5 Ng8 14. Nf2 Bb7
15. Ng4 Qc6 16. O-O-O e6 17. Qd2 Rd8 18. Be2 Be7 19. Kb1 d6 20. exd6 Bxd6 21.
Qg5 g6 22. Bb5 1-0

[Event "11. Torneo San Viator"]
[Site "Madrid ESP"]
[Date "2008.11.02"]
[Round "6.2"]
[White "Maseda Iglesias, Luis"]
[Black "Beltran De Heredia y Alonso, Miguel Angel"]
[Result "1-0"]
[WhiteElo "1935"]
[BlackElo "1906"]
[PlyCount "79"]
[EventDate "2008.09.28"]
[EventType "team-tourn"]
[EventRounds "9"]
[EventCountry "ESP"]
[Source "lmi"]
[SourceDate "2008.09.28"]

1. d4 d5 2. c4 e6 3. Nc3 Nf6 4. cxd5 exd5 5. Bg5 Be7 6. e3 c6 7. Bd3 O-O 8. Qc2
h6 9. Bh4 Be6 10. Nf3 Nbd7 11. O-O Rc8 12. Rab1 c5 13. dxc5 Nxc5 14. Rfd1 Nxd3
15. Qxd3 g5 16. Bg3 Qb6 17. Be5 Rfd8 18. Bd4 Qa5 19. h3 Nd7 20. a3 Nc5 21. Bxc5
Qxc5 22. Nd4 Qc4 23. Qc2 Kg7 24. Qd2 Bxa3 25. Nxe6+ fxe6 26. bxa3 Qxc3 27.
Rxb7+ Kf6 28. Qxc3+ Rxc3 29. Rxa7 Rb8 30. a4 Rb2 31. a5 Ra3 32. a6 Rba2 33. Rc1
Rxa6 34. Rh7 Kg6 35. Rcc7 e5 36. g4 e4 37. Rcg7+ Kf6 38. Rf7+ Ke5 39. Rf5+ Kd6
40. Rxh6+ 1-0

[Event "11. Torneo San Viator"]
[Site "Madrid ESP"]
[Date "2008.11.02"]
[Round "6.3"]
[White "Nieto de la Cruz, Julio"]
[Black "Pablos Tenrero, Raquel"]
[Result "1-0"]
[WhiteElo "1888"]
[BlackElo "1733"]
[PlyCount "73"]
[EventDate "2008.09.28"]
[EventType "team-tourn"]
[EventRounds "9"]
[EventCountry "ESP"]
[Source "lmi"]
[SourceDate "2008.09.28"]

1. d4 d5 2. c4 c6 3. Nf3 Nf6 4. e3 e6 5. Nc3 Nbd7 6. Bd3 Bd6 7. e4 dxe4 8. Nxe4
Nxe4 9. Bxe4 O-O 10. O-O c5 11. Be3 Qc7 12. Rc1 Nf6 13. Bb1 b6 14. Bg5 Nd7 15.
Qd3 g6 16. Rfd1 cxd4 17. Qe4 Rb8 18. Qxd4 Bc5 19. Qh4 e5 20. Qh6 f5 21. a3 a5
22. h4 Nf6 23. Bxf6 Rxf6 24. h5 e4 25. Qg5 Be7 26. Nd4 Rf7 27. Qh6 Bf8 28. Qe3
Bc5 29. hxg6 hxg6 30. Qg5 Qd6 31. Nb5 Qf6 32. Qf4 Rbb7 33. Nd6 Bxd6 34. Rxd6
Qg7 35. c5 Rbd7 36. Ba2 Rxd6 37. Qxd6 1-0

[Event "11. Torneo San Viator"]
[Site "Madrid ESP"]
[Date "2008.11.02"]
[Round "6.5"]
[White "Barahona Torrijos, Angel"]
[Black "Garcia-Ines Sanchez, Gustavo"]
[Result "1-0"]
[WhiteElo "1958"]
[BlackElo "1845"]
[PlyCount "53"]
[EventDate "2008.09.28"]
[EventType "team-tourn"]
[EventRounds "9"]
[EventCountry "ESP"]
[Source "lmi"]
[SourceDate "2008.09.28"]

1. e4 e5 2. Nf3 Nc6 3. Nc3 Nf6 4. d4 d6 5. dxe5 dxe5 6. Qxd8+ Kxd8 7. Bg5 h6 8.
O-O-O+ Bd6 9. Bh4 g5 10. Nxg5 hxg5 11. Bxg5 Ke7 12. Nd5+ Ke6 13. Nxf6 Nd4 14.
c3 Nc6 15. h4 a6 16. Bc4+ Ke7 17. h5 b5 18. Bd5 Bb7 19. h6 b4 20. h7 bxc3 21.
bxc3 Na5 22. Bxb7 Nxb7 23. Ng4+ Ke6 24. Rh6+ Kd7 25. Nxe5+ Kc8 26. Nxf7 Ba3+
27. Kc2 1-0

[Event "11. Torneo San Viator"]
[Site "Madrid ESP"]
[Date "2008.11.09"]
[Round "7.1"]
[White "Sarabia Utrilla, Joaquin"]
[Black "Beltran de Heredia Eguiazabal, Miguel Angel"]
[Result "0-1"]
[WhiteElo "1855"]
[BlackElo "1977"]
[PlyCount "50"]
[EventDate "2008.09.28"]
[EventType "team-tourn"]
[EventRounds "9"]
[EventCountry "ESP"]
[Source "lmi"]
[SourceDate "2008.09.28"]

1. d4 d5 2. c4 e6 3. Nc3 c6 4. Nf3 Nf6 5. Bf4 dxc4 6. e3 b5 7. a4 b4 8. Nb1 Ba6
9. Qc2 b3 10. Qc1 Bb4+ 11. Nbd2 Qd5 12. Be2 Ne4 13. Rg1 Qa5 14. Bg3 c3 15. bxc3
Bxc3 16. Rb1 Qxa4 17. Qd1 Bxd2+ 18. Nxd2 Nc3 19. Qxb3 Qxb3 20. Rxb3 Nxe2 21.
Bxb8 Nxg1 22. Bxa7 O-O 23. Bc5 Rfb8 24. Rc3 Ne2 25. Rc2 Bd3 0-1